LIBRARY & INFORMATION CENTRE, KCAET, TAVANUR

ONLINE PUBLIC ACCESS CATALOGUE (OPAC)

Object Oriented Programming using C ++ and Java (Record no. 14683)

MARC details
000 -LEADER
fixed length control field 00330nam a22001217a 4500
020 ## - INTERNATIONAL STANDARD BOOK NUMBER
ISBN 9781259006494
082 ## - DEWEY DECIMAL CLASSIFICATION NUMBER
Classification number 005.
Item number BAL/OB
100 ## - MAIN ENTRY--AUTHOR NAME
Personal name Balagurusamy E.
245 ## - TITLE STATEMENT
Title Object Oriented Programming using C ++ and Java
260 ## - PUBLICATION, DISTRIBUTION, ETC. (IMPRINT)
Place of publication New Delhi
Name of publisher Tata McGraw Hill Education Private Limited
Year of publication 2012
300 ## - PHYSICAL DESCRIPTION
Number of Pages 478
942 ## - ADDED ENTRY ELEMENTS (KOHA)
Koha item type Books
Holdings
Withdrawn status Lost status Damaged status Collection code Home library Current library Shelving location Date acquired Source of acquisition Cost, normal purchase price Full call number Accession Number Koha item type
        KAUAET KAUAET General Stacks 27/07/2016 Professional Book Centre, Kochi. 365.00 005. BAL/OB 24221 Books
free website counter